|
|
|
|
| LEADER |
01168nam a2200265 u 4500 |
| 001 |
10049766 |
| 003 |
GR-PaULI |
| 005 |
20210117210946.0 |
| 008 |
040226s1962 us eng |
| 952 |
|
|
|0 0
|1 0
|2 ddc
|4 0
|6 Π_Σ_512_482000000000000_LIE
|7 0
|8 NFIC
|9 234949
|a LISP
|b LISP
|c REF
|d 2019-09-11
|i 061973
|l 0
|o Π/Σ 512.482 LIE
|p 025000043343
|r 2019-09-11 00:00:00
|t 1
|v 2019.00
|w 2019-09-11
|y BK15
|
| 999 |
|
|
|c 142414
|d 142414
|
| 040 |
|
|
|a GR-PaULI
|c GR-PaULI
|b gre
|e AACR2
|
| 082 |
0 |
4 |
|a 512.482
|2 23
|
| 245 |
0 |
0 |
|a Lie groups /
|c Gel'fand I. M....[et.al] ; American Mathematical Society [ed.].
|
| 260 |
|
|
|a Providence (R.I.) :
|b American Mathematical Society,
|c 1962.
|
| 300 |
|
|
|a iii, 534 σ. ;
|b
|c 24 εκ.
|
| 490 |
1 |
|
|a Translations (American Mathematical Society). Series 1
|v 9.
|
| 500 |
|
|
|a
|
| 504 |
|
|
|a Περιλαμβάνει βιβλιογραφία.
|
| 650 |
|
4 |
|a Ομάδες του Lie
|9 229
|
| 700 |
1 |
|
|9 169882
|a Gelʹfand, I. M.
|q (Izrailʹ Moiseevich)
|e συγγραφέας.
|
| 710 |
2 |
|
|9 24571
|a American Mathematical Society
|
| 830 |
|
0 |
|9 177754
|a Translations (American Mathematical Society).
|p Series 1
|v 9.
|
| 942 |
|
|
|2 ddc
|c BKN
|
| 998 |
|
|
|c ΜΠΟΥΡΑΣ
|d 2019-09
|